| Поле | Инд. | ПП | Название | Значение |
|---|---|---|---|---|
| Тип записи | a | |||
| Библиографический уровень | m | |||
| 001 | Контрольный номер | 94073dd5300e44d39c9e2fadb8837fbf | ||
| 005 | Дата корректировки | 20240320124606.7 | ||
| 040 | a | Служба первич. каталог. | НБ ТвГУ | |
| b | Код языка каталог. | rus | ||
| e | Правила каталог. | PSBO | ||
| 041 | 0_ | a | Код языка текста | rus |
| 080 | a | Индекс УДК | 511 | |
| 084 | a | Индекс другой классификации/Индекс ББК | В1 | |
| 090 | a | Полочн. индекс | 511 | |
| x | Авторский знак | Б 43 | ||
| 097 | b | Оператор | Polyakova.IM | |
| 100 | 1_ | a | Автор | Беллюстин Всеволод Константинович |
| e | Роль лиц | Автор | ||
| 245 | 00 | a | Заглавие | Как постепенно дошли люди до настоящей арифметики |
| c | Ответственность | В. Беллюстин | ||
| 260 | c | Дата издания | 1923 | |
| a | Место издания | Москва | ||
| a | Место издания | Петроград | ||
| b | Издательство | Госиздат | ||
| 300 | a | Объем | 204, II с. | |
| 653 | 0_ | a | Ключевые слова | Математика |
| a | Ключевые слова | Арифметика | ||
| a | Ключевые слова | Алгебра | ||
| a | Ключевые слова | История математики | ||
| a | Ключевые слова | История арифметики | ||
| a | Ключевые слова | Числа | ||
| a | Ключевые слова | Цифры | ||
| a | Ключевые слова | Деление | ||
| a | Ключевые слова | Дроби | ||
| a | Ключевые слова | Меры | ||
| a | Ключевые слова | Проценты | ||
| 901 | t | Тип документа | m | |
| 920 | a | Оператор | Поля | |
| a | Оператор | Лиси | ||
| 930 | a | Новая/Ретро | новая | |
| 952 | c | Вид литературы | К рн | |
| 954 | b | Дата поступления в ОК | 20240315 | |
| a | Дата поступления на обработку | 20240320 |